Quizzes
Events
Quiz Creation
Community
Videos
Private Events
Remove Ads
Sign In
Join for FREE
Feedback
Dark Mode
Quiz Categories
Sports
Geography
Music
Movies
Television
Just For Fun
Miscellaneous
History
Literature
Language
Science
Gaming
Entertainment
Religion
Holiday
For Kids
Quiz Lab
Recent
Popular Today
Quiz Kudos Today
Editor Picks
Curator Picks
Quizzes by...
Day
Popularity
Type
Ratings
Length
Year
Community
Subscriptions
Recent Discussions
Orange Saloon
Badges
Playlists
Quests
Create
Leaderboards
Showdown
Live 5
Trivia Bingo
Activity
Puzzle Library
Sporcle Events
Private Events
Virtual Trivia
Globe League
Become a Host
Pub Owners
SporcleCon
Opinionation
Our Games
Videos
Blog
Mobile Apps
Partnerships
Remove Ads and Go Orange
Feedback
Sports
Athletes
MLB
NBA
NHL
NFL
Soccer
Sports Teams
WWE
NCAA
Football
Premier League
Basketball
Baseball
Hockey
Golf
Tennis
Cricket
Rugby
Auto Racing
Olympics
World Cup
Sports
Athletes
MLB
NBA
NHL
NFL
Soccer
Sports Teams
WWE
NCAA
Football
Premier League
Basketball
Baseball
Hockey
Golf
Tennis
Cricket
Rugby
Auto Racing
Olympics
World Cup
Random Quiz
Search Sporcle
×
Quiz Lab
Quiz Lab
Sports
Baseball
Type in answers that appear in a list
Type in answers that appear in a list
Classic
Best Score? Go Orange.
Top 5 RBI Leaders 1980-2011 Stats
Can you name the Top 5 RBI Leaders 1980-2011?
By
Snowman23
15m
163 Questions
649 Plays
649 Plays
649 Plays
Comments
Comments
Give Quiz Kudos
Give Quiz Kudos
-
- Ratings
hide this ad
Replay
Link that replays current quiz
Next Quiz
Link to next quiz in quiz playlist
You Got
0%
They Got
Avg Score
85%
Avg Friend Score
Upgrade to see
Score Distribution
Jump to the score distribution portion of the page
Score
0/163
Timer
15:00
0
Plays Today
Year
Player
% Correct
1990
Cecil Fielder
98.9%
1991
Cecil Fielder
98.9%
1992
Cecil Fielder
98.9%
2009
Prince Fielder
98.9%
2011
Prince Fielder
98.9%
1991
Barry Bonds
97.8%
1993
Barry Bonds
97.8%
2002
Albert Pujols
97.8%
2003
Albert Pujols
97.8%
2006
Ryan Howard
97.8%
2006
Albert Pujols
97.8%
2007
Ryan Howard
97.8%
2008
Ryan Howard
97.8%
2009
Ryan Howard
97.8%
2009
Albert Pujols
97.8%
2010
Albert Pujols
97.8%
1996
Juan Gonzalez
97.7%
1997
Juan Gonzalez
97.7%
1998
Juan Gonzalez
97.7%
2001
Luis Gonzalez
97.7%
2001
Juan Gonzalez
97.7%
2002
Alex Rodriguez
97.7%
2004
David Ortiz
97.7%
2005
David Ortiz
97.7%
2006
David Ortiz
97.7%
2007
Alex Rodriguez
97.7%
2010
Alex Rodriguez
97.7%
2011
Adrian Gonzalez
97.7%
1998
Mark McGwire
97.5%
1999
Manny Ramirez
97.5%
1999
Mark McGwire
97.5%
2005
Manny Ramirez
97.5%
2005
Alex Rodriguez
97.5%
2010
Carlos Gonzalez
97.5%
1987
Mark McGwire
97.4%
2004
Manny Ramirez
97.4%
1995
Sammy Sosa
96.6%
1997
Ken Griffey Jr
96.6%
1998
Sammy Sosa
96.6%
1998
Ken Griffey Jr
96.6%
1999
Sammy Sosa
96.6%
2000
Sammy Sosa
96.6%
2001
Sammy Sosa
96.6%
1994
Jeff Bagwell
96.5%
1997
Jeff Bagwell
96.5%
1982
Gorman Thomas
96%
1992
Frank Thomas
96%
1993
Frank Thomas
96%
1994
Frank Thomas
96%
2000
Frank Thomas
96%
2008
Miguel Cabrera
95.7%
2010
Miguel Cabrera
95.7%
2000
Todd Helton
95.5%
2001
Todd Helton
95.5%
1986
Jose Canseco
95.2%
Year
Player
% Correct
1988
Jose Canseco
95.2%
1991
Jose Canseco
95.2%
2005
Andruw Jones
94.8%
2011
Matt Kemp
94%
2010
Jose Bautista
93.8%
2002
Lance Berkman
93.2%
2005
Mark Teixeira
93.2%
2006
Lance Berkman
93.2%
2009
Mark Teixeira
93.2%
1980
Mike Schmidt
92.9%
1981
Mike Schmidt
92.9%
1986
Mike Schmidt
92.9%
2006
Justin Morneau
92.9%
2008
Justin Morneau
92.9%
1997
Tino Martinez
92.6%
2000
Edgar Martinez
92.6%
1992
Albert Belle
92.5%
1993
Albert Belle
92.5%
1994
Albert Belle
92.5%
1995
Albert Belle
92.5%
1996
Albert Belle
92.5%
1998
Albert Belle
92.5%
1980
George Brett
92%
1989
Pedro Guerrero
91.7%
2003
Carlos Delgado
91.7%
2004
Vladimir Guerrero
91.7%
2007
Vladimir Guerrero
91.7%
2008
Josh Hamilton
91.7%
1986
Joe Carter
90.6%
1987
George Bell
90.6%
1990
Joe Carter
90.6%
1992
Joe Carter
90.6%
1992
George Bell
90.6%
1993
Joe Carter
90.6%
1994
Joe Carter
90.6%
2011
Robinson Cano
90.6%
2008
David Wright
90.5%
1990
Matt Williams
89.8%
1999
Matt Williams
89.8%
2011
Curtis Granderson
89.8%
1988
Kirby Puckett
89.2%
1994
Kirby Puckett
89.2%
2002
Miguel Tejada
89.1%
2004
Miguel Tejada
89.1%
1984
Don Mattingly
88.6%
1985
Don Mattingly
88.6%
1986
Don Mattingly
88.6%
1989
Don Mattingly
88.6%
2002
Magglio Ordonez
88.6%
2007
Magglio Ordonez
88.6%
2003
JIm Thome
88.3%
1983
Jim Rice
87.4%
1984
Jim Rice
87.4%
1996
Andres Galarraga
87.4%
1997
Andres Galarraga
87.4%
Year
Player
% Correct
1996
Rafeal Palmeiro
87.1%
1999
Rafeal Palmeiro
87.1%
1982
Robin Yount
86%
1987
Andre Dawson
85.1%
1995
Dante Bichette
84.3%
1995
Mo Vaughn
83.7%
1996
Mo Vaughn
83.7%
1995
Jay Buhner
82.9%
2007
Matt Holliday
82%
1989
Kevin Mitchell
79.4%
1981
Eddie Murray
78.9%
1984
Eddie Murray
78.9%
1985
Eddie Murray
78.9%
1987
Dwight Evans
76.8%
1988
Dwight Evans
76.8%
2003
Gary Sheffield
76.8%
2004
Vinny Castilla
76.6%
1988
Will Clark
76.5%
1989
Will Clark
76.5%
1991
Will Clark
76.5%
2001
Brett Boone
76.5%
1983
Dave Winfield
76.2%
1985
Dave Winfield
76.2%
1990
Bobby Bonilla
75.7%
1983
Dale Murphy
74.9%
2000
Mike Sweeney
74.3%
1991
Howard Johnson
72.6%
2009
Jason Bay
72.6%
2003
Richie Sexson
72%
1993
David Justice
68.9%
1984
Alvin Davis
68%
1980
Cecil Cooper
65.2%
1982
Cecil Cooper
65.2%
1983
Cecil Cooper
65.2%
1981
George Foster
63.5%
2003
Preston Wilson
59.4%
1981
Tony Armas
58.8%
1984
Tony Armas
58.8%
1985
Dave Parker
57.2%
1986
Dave Parker
57.2%
1988
Mike Greenwell
54.5%
1989
Ruben Sierra
54.3%
1991
Ruben Sierra
54.3%
1984
Dave Kingman
53.1%
1987
Tim Wallach
49.7%
1985
Harold Baines
49.4%
1980
Ben Oglivie
48.9%
1982
Hal McRae
47.5%
1983
Lance Parrish
45.2%
1990
Kelly Gruber
39.4%
1981
Bill Buckner
36.6%
1982
Andre Thornton
33.4%
1980
Al Oliver
22.9%
Quiz Playlist
Details
Report
Send in Message
Add To Playlist
Classic:
Type in answers that appear in a list
Last Updated: Feb 16, 2017
Quiz Scoreboard
CHALLENGE
Sign Up to Join the Scoreboard
Show All
Scores
Hide
Comments
May contain spoilers
Recently Published
An Introduction to Baseball
by treessimontrees
Sports
5m
Movies - When Are They Set?
by FPL_Elf
Movies
5m
Popular People in 1961
by mucciniale
History
6m
More to Explore
Quiz From the Vault
Featured Blog Post
Where Did the Easter Bunny Come From?
hide this ad
You Might Also Like...
Tags
Baseball Quiz
Today's Top Quizzes in Sports
Browse Sports
hide this ad
Today's Top Quizzes in Baseball
Browse Baseball
Top Contributed Quizzes in Sports
1
Les meilleurs buteurs des matchs entre le PSG et l’OM
2
2022 World Cup Stars
3
FIFA Club World Cup Champions
4
Les entraîneurs de l'OM et du PSG au 21e siècle
5
Name the Premier League winners with different clubs
6
La finale Lions - Afrique du Sud 2021
7
Les joueurs passés par le LOSC et le RC Lens
8
Criteria MLB: Left Handed Sluggers
9
Players with Multiple 50 Home Run Seasons
10
5-to-1: UK Sports Teams
Explore More
Trending Topics
Anime
Crossword
Disney
Marvel
Harry Potter
NBA
Kpop
Pokémon
Song
Country
The Office
Soccer
NFL
Puzzle
WWE
hide this ad
More By:
Snowman23
Quiz
Plays
Rating
Category
Featured
Created
Top 5 RBI Leaders 1980-2011
649
3.83
Sports
Nov 24, 2011
Planets Named after Greek gods
260
2.33
Science
Jul 11, 2011
Go to Creator's Profile
Score Distribution
Quiz Creator Spotlight
Snowman23
Follow
Send a Message
Quizzes Created
-
Created Quiz Play Count
-
More By This Creator
Popular Quizzes Today
1
Find the Countries of Europe - No Outlines Minefield
2
Find the US States - No Outlines Minefield
3
The Countries of the World
4
Popular People in 1961
5
US States
6
Find the US States
7
1-10 Letter E Words III
8
Risky Map Clicking: Biggest States A-Z
More Sports Quizzes
Turkish Süper Lig clubs in the 21st century
Quiz Lab
Trending Quizzes
Risky Map Clicking: Least Populous States A-Z
1-10 Letter F Words
1-10 Letter G Words
One Thing in Common: United Kingdom
Risky Map Clicking: Next State Alphabetically
Recently Updated
Leaping Animals
pecheneg
Reality TV Shows (A-Z)
bhenderson79
Rickey Henderson's Hall of Fame Teammates
pecheneg
Champions League XIs: Arsenal
pecheneg
Quick Pick: Celebrities in WWE's Hall of Fame
aduchscher
A-Z Keypad Blitz II
pecheneg
Multiple Oscar Actors
pecheneg
Mystery Phrase Blitz: Oscar 'Best Actors'
pecheneg
F. Scott Fitzgerald Novels
LTH
Pick 3 Villains
ddd62291
Trending Topics
Anime
Harry Potter
Marvel
Kpop
NBA
Disney
Crossword
Country
WWE
Soccer
Puzzle
Song
Pokémon
NFL
The Office
Your Account Isn't Verified!
In order to create a playlist on Sporcle, you need to verify the email address you used during registration. Go to your
Sporcle Settings
to finish the process.
Report this User
Report this user for behavior that violates our
Community Guidelines
.
Details:
Send Report
Go to the Sporcle.com Mobile Site →
Comments